PCR /

Saved in:
Bibliographic Details
Other Authors: Hughes, S., Moody, A.
Format: Book
Language:English
Published: Bloxham : Scion, 2007.
Series:Methods express.
Subjects:
Tags: Add Tag
No Tags, Be the first to tag this record!
LEADER 03279cam a2200421 a 4500
001 011596128-3
005 20081124160350.0
008 070703s2007 enka b 001 u eng
015 |a GBA754715  |2 bnb 
016 7 |a 101320862  |2 DNLM 
016 7 |a 013787462  |2 Uk 
020 |a 9781904842286 (paperback) 
020 |a 1904842283 (paperback) 
020 |a 9781904842293 (hardback) 
020 |a 1904842291 (hardback) 
035 0 |a ocn154210014 
040 |a NLM  |c NLM  |d ERL  |d UKM  |d YDXCP  |d BAKER  |d BTCTA  |d HKP  |d U3G  |d OCLCG  |d SOI  |d STF 
042 |a nlmcopyc 
050 4 |a QP606.D46  |b P3585 2007 
050 4 |a RB43.8.P64  |b P37 2007 
060 0 0 |a 2007 L-380 
060 1 0 |a QU 450  |b P348 2007 
082 0 4 |a 572.8  |2 22 
245 0 0 |a PCR /  |c edited by S. Hughes and A. Moody. 
260 |a Bloxham :  |b Scion,  |c 2007. 
300 |a xxviii, 348 p. :  |b ill. (some col.) ;  |c 26 cm. 
490 1 |a Methods express 
504 |a Includes bibliographical references and index. 
505 0 |a An introduction to polymerase chain reaction / Adrian Moody -- Polymerases for PCR / Meg Martel ... [et. al] -- A detailed guide to quantitative RT-PCR / Pete Kaiser -- Use of quantitative PCR for the detection of genomic microdeletions or microduplications / Simon Hughes ... [et. al] -- Robust and unique PCR for single-nucleotide polymorphism genotype applications / Xiangning Chen -- Using PCR and linkage mapping to identify single genes and quantitative trait loci for livestock traits / Jillian F. Maddox, Imke Tammen, Sonja Dominik -- PCR restriction fragment length polymorphism analysis for genotyping of single-nucleotide polymorphisms / Simon Hughes -- Forensic genetic DNA typing with PCR-based methods / Claus Borsting, Juan J. Sanchez, Niels Morling -- Large PCR multiplexes with special reference to forensic single-nucleotide polymorphism typing / Juan J. Sanchez, Claus Borsting, Nieles Morling --  
505 0 |a Pre-implantation genetic diagnosis of monogenic disease: PCR-based methods for the identification of mutations in single cells / Dagan Wells -- Rapid generation of gene-targeting constructs / Trevor J. Wilson ... [et. al] -- Construction of long DNA molecules from multiple fragments using PCR / Nikolai A. Shevchuk, Anton V. Bryksin -- Efficient PCR-based mutagenesis method applicable to diverse mutagenesis strategies sing type IIs restriction enzymes / Jae-Kyun Ko, Jianjie Ma -- Inverse PCR-based restriction fragment length polymorphiam for identifying low-level mutations in tumors / G. Mike Makrigiorgos -- PCR methods for infectious disease diagnosis / Padmini Ramachandran ... [et. al] -- Use of PCR for DNA methylation analyses / Mario F. Frago, Manel Esteller -- PCR-based methods to determine DNA methylation status at specific CpG sites using methylation-sensitive restriction enzymes / Helmtrud I. Roach, Ko Hashimoto --  
505 0 |a PCR-based whole genome amplification / Nona Arneson ... [et. al] -- PCR sequencing of human genes for the discovery of DNA sequence variants / Abizar Lakdawalla -- Appendix: List of suppliers. 
650 1 2 |a Polymerase Chain Reaction  |x methods. 
650 0 |a Polymerase chain reaction. 
700 1 |a Hughes, S.  |q (Simon) 
700 1 |a Moody, A.  |q (Adrian) 
830 0 |a Methods express. 
988 |a 20081025 
906 |0 OCLC